000 00442nam a2200181Ia 4500
001 14161
005 20260306164854.0
008 260306t1988||||xx |||||||||||||| ||spa||
041 _aESP
082 _a510
_bB84
100 _aBronshtein, I.
_eAUT
245 0 _aManual de matemáticas para ingenieros y estudiantes
260 _c1988
300 _a696 páginas :
_c17 cm.
650 _aGEN
654 _aCMA
942 _cLIB
_dJUS
_fJUS
_2ddc
_n
999 _c14161
_d14161